Detalles MARC
| 000 -LEADER |
| fixed length control field |
00819nam a2200205Ia 4500 |
| 003 - CONTROL NUMBER IDENTIFIER |
| control field |
OSt |
| 005 - DATE AND TIME OF LATEST TRANSACTION |
| control field |
20250716160430.0 |
| 008 - FIXED-LENGTH DATA ELEMENTS--GENERAL INFORMATION |
| fixed length control field |
210310s9999 xx 000 0 und d |
| 020 ## - INTERNATIONAL STANDARD BOOK NUMBER |
| International Standard Book Number |
9789501115499 |
| 037 ## - SOURCE OF ACQUISITION |
| Source of stock number/acquisition |
Donación |
| 040 ## - CATALOGING SOURCE |
| Original cataloging agency |
CO-JMCR |
| Language of cataloging |
spa |
| Transcribing agency |
CO-JMCR |
| Modifying agency |
CO-JMCR |
| Description conventions |
rda |
| 041 #0 - LANGUAGE CODE |
| Language code of text/sound track or separate title |
spa |
| 082 04 - DEWEY DECIMAL CLASSIFICATION NUMBER |
| Classification number |
J-C |
| Item number |
CLAh |
| 245 #0 - TITLE STATEMENT |
| Title |
Clásicos del humor / |
| 300 ## - PHYSICAL DESCRIPTION |
| Other physical details |
71 páginas ; |
| Dimensions |
22 cm. |
| 520 #3 - SUMMARY, ETC. |
| Summary, etc. |
Esta antología reúne cuentos de humor relatados por grandes autores clásicos. Hay cuentos en los que predomina el ingenio, como en los de Boccacio, Saki, y Güiraldes; otros que presentan situaciones cómicas, como en los que se utiliza el humor para realizar crítica de costumbres, como en los de Chejov y Fray Mocho. |
| 650 14 - SUBJECT ADDED ENTRY--TOPICAL TERM |
| Topical term or geographic name entry element |
cuentos |
| 9 (RLIN) |
24228 |
| Source of heading or term |
JMCR |
| 650 24 - SUBJECT ADDED ENTRY--TOPICAL TERM |
| Topical term or geographic name entry element |
humor |
| Source of heading or term |
JMCR |
| 9 (RLIN) |
44024 |
| 942 ## - ADDED ENTRY ELEMENTS (KOHA) |
| Source of classification or shelving scheme |
Dewey Decimal Classification |
| Koha item type |
Books |